000 01397cam a2200301 a 4500
001 000006304
003 DO-SdBNP
005 20250602101612.0
008 970603s1997 sp 100 0dspa d
020 _a8481270547
040 _aDO-SdBNP
_cDLC
082 4 _a860.9
_bA188L
_222
111 2 _aCongreso sobre Ramón J. Sender
_n(1:
_d1995 :
_cHuesca, España)
_917590
245 1 3 _aEl lugar de Sender :
_bActas del I Congreso sobre Ramón J. Sender: Huesca, 3-7 de abril de 1995 /
_ceditadas por Juan Carlos Ara Torralba y Fermín Gil Encabo.
260 _aHuesca, España :
_bInstituto de Estudios Altoaragoneses. Diputación de Huesca ;
_aZaragoza :
_bInstitución Fernando el Católico. Diputación de Zaragoza,
_c1997.
300 _a760 p. ;
_c24 cm.
490 1 _aPublicación de la Institución Fernando el Católico
_v1811
504 _aIncluye referencias bibliográficas.
600 1 0 _aSender, Ramón José,
_d1901-1982
_xCrítica e interpretación
_vCongresos, conferencias, etc.
_917591
650 4 _aLiteratura española
_xCrítica e interpretación
_94054
700 1 _aAra Torralba, Juan Carlos,
_d1966-
_eed.
_917592
700 1 _aGil Encabo, Fermín.
_917593
710 2 _aInstituto de Estudios Altoaragones.
_917594
830 0 _aPublicación de la Institución Fernando el Católico ;
_v1811
_914666
910 _aCatalogación por copia / LC
910 _aWM
942 _2ddc
_cLBS1
999 _c6099
_d6099